01575cam a2200373 a 4500001001400000003000800014005001700022006001900039007001500058008004100073020003800114040003000152049002600182050002300208082001900231100002800250245018700278260004500465300003700510504005100547520019300598521001700791588004700808650004100855650002200896650003300918655002900951700002100980710001601001776003501017856011401052942001601166999001901182EDZ0000158139StDuBDS20161031105233.0m||||||||d||||||||cr |||||||||||130912s2008 cau fo| 001|0|eng d a9781483329659 (ebook) :cNo price aStDuBDSbengcStDuBDSepn aAlfaisal Main Library 0aLB2369b.L814 200804a808.0663782231 aLunenburg, Frederick C.10aWriting a successful thesis or dissertationh[electronic resource] :btips and strategies for students in the social and behavioral sciences /cFred C. Lunenburg and Beverly J. Irby. aThousand Oaks, Calif. :bCorwin,cc2008. a1 online resource (xvii, 333 p.) aIncludes bibliographical references and index.8 aWritten for both faculty and students, 'Writing a Successful Thesis or Dissertation' provides a comprehensive 'how-to' compendium for completing a master's thesis or doctoral dissertation. aSpecialized. aDescription based on print version record. 0aDissertations, AcademicxAuthorship. 0aAcademic writing. 0aSocial sciencesxAuthorship. 7aElectronic books.2local1 aIrby, Beverly J.2 aSage eBooks08iPrint version :z978141294224940uhttp://ezproxy.alfaisal.edu/login?url=http://sk.sagepub.com/books/writing-a-successful-thesis-or-dissertation 2lcccEBOOKS c482368d482368